000 00650nam a2200169 4500
001 148697
003 ES-MaACL
005 20230906202752.0
007 t|
008 070214s1963 sp r ||||1| spa d
100 1 _aSuanzes Fernández, Juan Antonio.
_9108533
245 1 0 _aDiscursos /
_cSuanzes.
260 _aMadrid :
_bCentro de Estudios Económicos y Sociales del Instituto Nacional de Industria,
_c[1963] (
_fFerreira)
300 _a1 p. azul, 1, 218 p., 4 p. azules, 1 p. :
_bil. = retr. aut.
710 2 _aInstituto Nacional de Industria (España).
_bCentro de Estudios Económicos y Sociales.
_95166
852 _aES-MaACL
_jC-23486
_bR.51761
999 _c148697
_d148697